| 000 | 00532cam a22001572 b4500 | ||
|---|---|---|---|
| 020 | _a0821330284 (Trade Paper) | ||
| 020 | _a9780821330289 | ||
| 082 |
_a336.098 _bMEE _cD |
||
| 110 | 2 |
_aWorld Bank Staff _937115 |
|
| 245 | 1 | 0 |
_aMeeting the Infrastructure Challenge in Latin America and the Caribbean _cMeet |
| 260 |
_aWashington : _bWorld Bank Publications _cAug. 1995 |
||
| 520 | 8 | _aAnnotation | |
| 526 |
_a0 _b0 _c0 _d336_098000000000000_MEE |
||
| 856 | 4 | 0 | _uhttp://www.columbia.edu/cgi-bin/cul/resolve?clio7919540 |
| 942 |
_2ddc _cBK |
||
| 999 |
_c542032 _d542032 |
||